| 000 | 00000cas 2200000zi 4500 |
| 001 | 9.931908 |
| 003 | CaOODSP |
| 005 | 20260327110903 |
| 006 | m o d f |
| 007 | cr cn||||||||| |
| 008 | 240102c20129999oncar p o f0###a0eng|d |
| 022 | |a2817-9323 |
| 040 | |aCaOODSP|beng|erda|cCaOODSP |
| 043 | |an-cn--- |
| 086 | 1 |aPS75-13E-PDF |
| 110 | 1 |aCanada. |bCivilian Review and Complaints Commission for the RCMP, |eauthor, |eissuing body. |
| 222 | 0|aFuture-oriented financial statements for the years ending ... |b(Canada. Civilian Review and Complaints Commission for the RCMP) |
| 245 | 10|aFuture-oriented financial statements for the years ending ... |
| 264 | 1|a[Ottawa] : |bCivilian Review and Complaints Commission for the RCMP, |c[2011]- |
| 310 | |aAnnual |
| 336 | |atext|btxt|2rdacontent |
| 337 | |acomputer|bc|2rdamedia |
| 338 | |aonline resource|bcr|2rdacarrier |
| 362 | 1 |aBegan with: March 31, 2011 and March 31, 2012. |
| 500 | |aIssued also in French under title: États financiers prospectifs, exercices se terminant le ... |
| 500 | |aIssues for March 31, 2011 and March 31, 2012-March 31, 2016 and March 31, 2017 available in HTML format only. |
| 588 | |aDescription based on: March 31, 2011 and March 31, 2012; title from HTML header. |
| 588 | |aLatest issue consulted: March 31, 2023 and March 31, 2024. |
| 610 | 10|aCanada. |bCivilian Review and Complaints Commission for the RCMP|vPeriodicals. |
| 650 | 0|aFinancial statements|zCanada|vPeriodicals. |
| 650 | 0|aFinance, Public|zCanada|xForecasting|vPeriodicals. |
| 655 | 7|aPeriodicals|2lcgft |
| 775 | 08|tÉtats financiers prospectifs, exercices se terminant le ...|w(CaOODSP)9.931907 |
| 856 | 40|qHTML|sN/A|uhttps://www.crcc-ccetp.gc.ca/en/future-oriented-financial-statements |